Novels of Anita Nair: (Record no. 192837)

MARC details
000 -LEADER
fixed length control field 00512nam a22001817a 4500
005 - DATE AND TIME OF LATEST TRANSACTION
control field 20221006160416.0
010 ## - LCCN (DPL NO)
LC control number ENG-135316
020 ## - INTERNATIONAL STANDARD BOOK NUMBER
International Standard Book Number 9788171921560
Terms of availability 899.00
035 ## - SYSTEM CONTROL NUMBER
System control number EN-118848
037 ## - SOURCE OF ACQUISITION
Source of stock number/acquisition DBAD/PUB
082 ## - DEWEY DECIMAL CLASSIFICATION NUMBER
Classification number 880.2
100 ## - MAIN ENTRY--PERSONAL NAME
Personal name Gupta,Ashish
245 ## - TITLE STATEMENT
Title Novels of Anita Nair:
Statement of responsibility, etc by Ashish Gupta
Remainder of title a critical perspective/
260 ## - PUBLICATION, DISTRIBUTION, ETC. (IMPRINT)
Name of publisher, distributor, etc Dattsons
Date of publication, distribution, etc 2018
Place of publication, distribution, etc Nagpur
270 ## - ADDRESS
Address J.N.Marg.sadar,
City Nagpur
Postal code 440001
300 ## - PHYSICAL DESCRIPTION
Extent ix,168p.
Dimensions 22cm(Hb)
942 ## - ADDED ENTRY ELEMENTS (KOHA)
Source of classification or shelving scheme Dewey Decimal Classification
Item type English Books
Classification part 880.2
Call number suffix GUP
Holdings
Withdrawn status Lost status Not for loan Collection code Home library Current library Date acquired Source of acquisition Cost, normal purchase price Full call number Barcode Copy number Cost, replacement price Koha item type
      Non-fiction Vinoba Puri Vinoba Puri 06/10/2022 DBAD/PUB 899.00 880.2 GUP EN-118848 1 899.00 English Books

© Delhi Public Library
Hit Counter
free hit counter